Understanding quantitative history

Bibliographic Details
Main Author: Haskins, Loren
Other Authors: Jeffrey, Kirk
Format: Book
Published: New York : McGraw-Hill , 1990
Series:New Leberal Arts Series
Subjects:

MARC

LEADER 00000cam a2200000 7i4500
001 0000003000
002 000003247
005 20000330.0
020 |a 0070269726 
090 0 0 |a 300.72   |b HAS 
100 1 |a Haskins, Loren 
245 1 0 |a Understanding quantitative history   |c Loren Haskins and Krik Jeffrey 
260 |a New York :   |b McGraw-Hill ,   |c 1990 
300 |a 366 p. ;   |c 22 cm. 
490 0 |a New Leberal Arts Series 
650 0 0 |a Social sciences   |x Methodology 
650 0 0 |a Social sciences   |x Research 
650 0 0 |a Social science   |x Statistical methods 
700 1 |a Jeffrey, Kirk 
999 |a 036573   |b BUKU   |c PINJAMAN   |e PERPUSTAKAAN KOMUNITI PETALING JAYA